00375nam a22001457a 450000500170000000800410001702000180005804100080007608200090008410000230009324500430011626000540015930000080021365000080022120160613134652.0160613b xxu||||| |||| 00| 0 eng d a81-259-1073-5 aeng b7205 aChandhuri, Arindam aCount your chickens be fore they Hatch aNew DelhibVikas Publishing House (P) Ltd. c2001 a192 a192